000 00644nam a2200241 a 4500
001 nice12345678
003 IN_TiNIC
005 20260116012739.0
008 050524s1986 bera grp 000 0 eng
020 _a
_c705
082 0 0 _a340.59
_bPOW
100 _aPowers, David S
245 _aStudies in Quran and Hadith; the Formation of Islamic Law of Inheritence
260 _aBerkeley
_bUniversity of California Press
_c1986
300 _a263p
500 _aincludes index and biblioraphy
505 2 _aBibliography, Index
650 _aIslamic-Law
700 1 _aPowers, David S
902 _bSRS
942 _cBK
999 _c8207
_d8207